000
00209nam a22000857a 4500
999
_c
10975
_d
10975
008
180706b ||||| |||| 00| 0 eng d
100
_a
Jason
_9
6765
245
_a
Gandhi (Hindi)
260
_a
New Delhi
_b
Campfire
_c
2016